Culture Générale - Série 1758 - Statistiques

Statistiques générales
  • Ce quiz a été pris 127 fois
  • Le résultat moyen est 4 sur 10
Statistiques - réponses
Question Réponse % Correct
Dans quel état des USA se trouve Pearl Harbour? Hawaï
85%
Un chirurgien peut pratiquer une épisiotomie chez une femme, lors d'un .... accouchement
80%
De quel état des USA Atlanta est-elle la capitale ? Géorgie
64%
Qu'est-ce qu'une "épinoche" ? poisson
53%
Qui a écrit" Autant en emporte le vent" ? Margaret Mitchell
35%
Qu'est ce qu'un engoulevent ? oiseau
35%
La nuit, tous les chats sont gris ; les petits gris sont des escargots, donc la nuit, les chats sont des escargots !". On appelle ceci : syllogisme
22%
A quel pays appartient l'île de Socotra ? Yémen
14%
Dans quel état des USA se trouve la ville de Kalamazoo ? Michigan
9%
Absence de poils, de cheveux atrichie
0%
Aucun quiz correspondant
Distribution des résultats
% des personnes avec chaque résultat
Percentile par nombre de réponses
Votre historique - résultats
Vous n’avez pas pris ce quiz